000 00867nam a22002297a 4500
999 _c157628
_d157628
005 20190223144501.0
010 _aB-706483 B-713301
020 _a9780143103769
_c250.00
035 _aB-706483
035 _aB-713301
037 _bGift
037 _bRK Books
082 _aS
100 _aMurty, Sudha
245 _aDollar bahu /
_cby Sudha Murty
260 _aNew Delhi
_bPenguin Books India
_c2007
270 _a7th Floor, Infinity Tower C, DLF Cyber City
_bGurgaon (Haryana)
_e122002
300 _a142p.
_c20cm (pbk)
942 _adpl
_cEN
_2ddc
_hS
_mMUR